000 01191naa a22003137a 4500
001 BR7704807
003 BR-BrBNA
005 20240918174031.0
007 ta
008 230509b bl.||||| |||| 00| 0 por d
040 _aBR-BrBNA
_bpor
_cBiblioteca Nacional de Agricultura
041 _a(Pt)
072 _aH10
_b2120
_b4020
_b3877
090 _aH10 BR7704807
100 1 _aPigatti, A.
100 1 _aAlmeida, P.R. de
111 1 _a5. Congresso Brasileiro de Pesquisas Cafeeiras
_cGuarapari, ES (Brazil)
_d18 Oct 1977
245 1 _aSelecao de inseticidas em laboratorio para controle da nova praga do cafe, Lagria villosa Fab. (Coleoptera: Lagriidae)[bicho capixaba]
260 3 _aRio de Janeiro, RJ (Brasil):
_c1977.
500 _aResumos do 5. Congresso Brasileiro de Pesquisas Cafeeiras Rio de Janeiro, RJ (Brasil): 1977. p. 11-12 (BR7704807-AM)H10
650 _aCAFE
650 _aBICHO CAPIXABA
650 _aINSETO
650 _aINSETICIDA
650 _aCONTROLE QUIMICO
773 0 _tResumos do 5. Congresso Brasileiro de Pesquisas Cafeeiras
_wH10 BR7704807
_gRio de Janeiro, RJ (Brasil), 1977. p. 11-12
909 _a202404
_bLucia
_c55
_dLucia Elande
942 _cAM
_2AGRIS
999 _c308481
_d308481